Canadian Slavonic Papers (Запис № 580677)

МАРК-запис
000 -Лідер
fixed length control field 00728 a2200217 4500
003 - Ідентифікатор контрольного номера
control field UA-OsUOA
005 - Дата та час останнього входження (трансакції)
control field 20260508150624.0
008 - Елементи даних фіксованої довжини – загальна інформація
fixed length control field 260508b un ||||| |||| 00| 0 ukr d
040 ## - Джерело каталогізації
Агенція оригінальної каталогізації UA-OsUOA
Мова каталогізації eng
Агенція, яка здійснювала перезапис UA-OsUOA
Агенція, яка здійснювала модифікацію UA-OsUOA
041 ## - Код мови
Код мови тексту/ звукової доріжки чи окремого заголовка (П) eng
080 ## - Індекс Універсальної десяткової класифікації
Індекс Універсальної десяткової класифікації (УДК) (НП) 050
090 ## - Локальний шифр розміщення
Класифікаційний індекс УДК 050
Авторський знак (НП) C19
245 ## - Відомості про назву
Назва (НП) Canadian Slavonic Papers
Номер частини/ розділу роботи (П) Volume XIV, No. 4, Winter, 1972
246 ## - Інша форма назви
Назва (НП) Revue Canadienne des Slavistes
260 ## - Публікація, розповсюдження і т.п. (Вихідні дані)
Ім’я/ наймення видавництва, розповсюджувача і т.п. (П) The Canadian Association of Slavists
Дата публікації, розповсюдження і т.п. (П) 1972
Місце публікації, розповсюдження і т.п. (П) Ottawa
300 ## - Фізичний опис
Обсяг 578-737 p.
650 ## - Додаткове предметне введення – тематичний термін
Джерело заголовка чи терміна UDC
Тематичний термін чи географічна назва, як елемент введення (НП) 050 Серіальні видання. Періодика
9 (RLIN) 3723
942 ## - Додаткові елементи входу (Коха)
Тип елемента Koha Книги
Source of classification or shelving scheme Universal Decimal Classification
955 ## - Код типу видання за змістом
Код типу видання за змістом (НП) Науково-популярні видання
Фонди
Стан вилучень Стан втрат Джерело класифікації або схеми стелажів Стан уражень Не для кредиту Постійне місце розташування Поточне розміщення Дата придбання Джерело придбання Вартість, звичайна ціна покупки Інвентарний номер Усього замовленно Повний номер виклику Штрих-код Дата останнього перегляду Вартість, ціна заміни Ціна ефективна від Тип елемента Koha Примітка, призначена для загального доступу
    Universal Decimal Classification     Наукова бібліотека ІДУД Наукова бібліотека ІДУД 08/05/2026 №15/06.05.2026 (ІДУД) 1.00 300894   050 C19 300894 08/05/2026 1.00 08/05/2026 Книги Книгу отримано в дар від Романа Єринюка